<?xml version="1.0" encoding="UTF-8"?><?xml-stylesheet type="text/xsl" href="static/style.xsl"?><OAI-PMH xmlns="http://www.openarchives.org/OAI/2.0/" xmlns:xsi="http://www.w3.org/2001/XMLSchema-instance" xsi:schemaLocation="http://www.openarchives.org/OAI/2.0/ http://www.openarchives.org/OAI/2.0/OAI-PMH.xsd"><responseDate>2026-04-18T04:25:50Z</responseDate><request verb="GetRecord" identifier="oai:riubu.ubu.es:10259/10379" metadataPrefix="marc">https://riubu.ubu.es/oai/request</request><GetRecord><record><header><identifier>oai:riubu.ubu.es:10259/10379</identifier><datestamp>2025-03-28T10:49:45Z</datestamp><setSpec>com_10259_4145</setSpec><setSpec>com_10259_5086</setSpec><setSpec>com_10259_2604</setSpec><setSpec>col_10259_4146</setSpec></header><metadata><record xmlns="http://www.loc.gov/MARC21/slim" xmlns:doc="http://www.lyncode.com/xoai" xmlns:xsi="http://www.w3.org/2001/XMLSchema-instance" xmlns:dcterms="http://purl.org/dc/terms/" xsi:schemaLocation="http://www.loc.gov/MARC21/slim http://www.loc.gov/standards/marcxml/schema/MARC21slim.xsd">
<leader>00925njm 22002777a 4500</leader>
<datafield tag="042" ind1=" " ind2=" ">
<subfield code="a">dc</subfield>
</datafield>
<datafield tag="720" ind1=" " ind2=" ">
<subfield code="a">Muñoz Domínguez, Ana Isabel</subfield>
<subfield code="e">author</subfield>
</datafield>
<datafield tag="720" ind1=" " ind2=" ">
<subfield code="a">Toma, Radu Bogdan</subfield>
<subfield code="e">author</subfield>
</datafield>
<datafield tag="720" ind1=" " ind2=" ">
<subfield code="a">Martínez Hernández, Carlos</subfield>
<subfield code="e">author</subfield>
</datafield>
<datafield tag="720" ind1=" " ind2=" ">
<subfield code="a">Bermejo, Nadia</subfield>
<subfield code="e">author</subfield>
</datafield>
<datafield tag="720" ind1=" " ind2=" ">
<subfield code="a">Sánchez Gómez, Pedro J.</subfield>
<subfield code="e">author</subfield>
</datafield>
<datafield tag="260" ind1=" " ind2=" ">
<subfield code="c">2022-11</subfield>
</datafield>
<datafield tag="520" ind1=" " ind2=" ">
<subfield code="a">En este trabajo se presenta un estudio de la influencia de una intervención educativa sobre el éxodo rural en las actitudes hacia la ciencia de un grupo de estudiantes de 4.º de la ESO de la  ciudad  de  Ávila.  La  intervención  se  llevó  a  cabo  simultáneamente  en  el  aula  de  la  asignatura  de  Historia (migraciones rurales en la Edad Contemporánea) y en la de Física y Química (reacciones de saponificación, como ejemplo de la cultura de aprovechamiento que caracteriza al saber rural tradicio-nal). La hipótesis de partida es que, si cabe hablar de una identidad rural, una actividad como la que se plantea, en un contexto muy cercano a lo rural, como el abulense, ha de traducirse en un aumento de las actitudes positivas hacia la ciencia. Los resultados confirman esta hipótesis y aportan datos para profundizar en la cuestión en trabajos posteriores.</subfield>
</datafield>
<datafield tag="520" ind1=" " ind2=" ">
<subfield code="a">In this paper we present a study of the influence of an educational intervention about the rural exodus on the attitudes towards science of a group of students taking 4th year of ESO in the city of Ávila. The intervention was implemented simultaneously in the History classroom (rural migrations in the contemporary age) and in the Physics and Chemistry classroom (saponification reactions, as an example of the culture of utilisation that characterises traditional rural knowledge). The starting hypothesis is that, if we can speak of a rural identity, an activity such as the one we propose, in a context as close to the rural context as that of Avila, should lead to an increase in positive attitudes towards science. The results confirm this hypothesis and provide data for further work.</subfield>
</datafield>
<datafield tag="024" ind2=" " ind1="8">
<subfield code="a">0212-4521</subfield>
</datafield>
<datafield tag="024" ind2=" " ind1="8">
<subfield code="a">http://hdl.handle.net/10259/10379</subfield>
</datafield>
<datafield tag="024" ind2=" " ind1="8">
<subfield code="a">10.5565/rev/ensciencias.5693</subfield>
</datafield>
<datafield tag="024" ind2=" " ind1="8">
<subfield code="a">2174-6486</subfield>
</datafield>
<datafield ind1=" " ind2=" " tag="653">
<subfield code="a">Educación científica</subfield>
</datafield>
<datafield ind1=" " ind2=" " tag="653">
<subfield code="a">Despoblación rural</subfield>
</datafield>
<datafield ind1=" " ind2=" " tag="653">
<subfield code="a">Elaboración de jabón</subfield>
</datafield>
<datafield ind1=" " ind2=" " tag="653">
<subfield code="a">Identidad rural</subfield>
</datafield>
<datafield ind1=" " ind2=" " tag="653">
<subfield code="a">Identidad científica</subfield>
</datafield>
<datafield ind1=" " ind2=" " tag="653">
<subfield code="a">Science education</subfield>
</datafield>
<datafield ind1=" " ind2=" " tag="653">
<subfield code="a">Rural depopulation</subfield>
</datafield>
<datafield ind1=" " ind2=" " tag="653">
<subfield code="a">Soap making</subfield>
</datafield>
<datafield ind1=" " ind2=" " tag="653">
<subfield code="a">Rural identity</subfield>
</datafield>
<datafield ind1=" " ind2=" " tag="653">
<subfield code="a">Science identity</subfield>
</datafield>
<datafield tag="245" ind1="0" ind2="0">
<subfield code="a">Identidad rural e identidad científica. Una intervención educativa en la España vaciada</subfield>
</datafield>
</record></metadata></record></GetRecord></OAI-PMH>